000
00283nam a2200121Ia 4500
008
190216s9999||||xx |||||||||||||| ||und||
100
_a
Bipin C Desai
245
0
_a
Introduction To Data Base System
260
_b
Narosa Pubs House
300
_a
820
650
_a
Computer
942
_c
BK
999
_c
8821
_d
8821